000 00619nam a2200205 i 4500
001 59964
003 ES-MaACL
005 20260201063014.0
007 t|
008 031031s1929 fr ||||1| fre d
100 1 _aEsmein, Adhémar,
_d1848-1913
_9154477
245 1 3 _aLe marriage en droit canonique /
_cA. Esmein.
250 _a2eme ed.
_bmise a jour par R. Génestal.
260 _aParis :
_bRecueil Sirey,
_c1929 (
_eBar-le-Duc :
_fContant Laguerre)
300 _a477 p. ;
_c23 cm.
500 _aEs el T. I.
700 1 _aGénestal, R.
_956301
852 _aES-MaACL
_jC-8126
999 _c59964
_d59964